Hacia otra España /

Bibliographic Details
Main Author: Maeztu, Ramiro de, 1875-1936
Other Authors: Varela, Javier
Format: Electronic eBook
Language:Spanish
Published: Madrid : Biblioteca Nueva, 1997.
Series:Cien años después, 98 ; 5.
Subjects:
Online Access:Digitalia Hispánica

MARC

LEADER 00000nam a2200000Ii 4500
001 DIGBIN04905
003 NyNyDIG
006 m o d
007 cr |||||||||||
008 100625s1997 sp b o 000 0 spa d
020 |z 8470304321 
020 |z 9788470304323 
035 |a (OCoLC)676371518 
040 |a DGITA  |b eng  |e pn  |c DGITA 
043 |a e-sp--- 
050 0 4 |a DP48 eBook 
100 1 |a Maeztu, Ramiro de,  |d 1875-1936. 
245 1 0 |a Hacia otra España /  |c Ramiro de Maeztu ; introducción de Javier Varela. 
264 1 |a Madrid :  |b Biblioteca Nueva,  |c 1997. 
300 |a 1 online resource (223pages) :  |b ill. 
336 |a text  |b txt  |2 rdacontent 
337 |a computer  |b c  |2 rdamedia 
338 |a online resource  |b cr  |2 rdacarrier 
490 1 |a Cien años después, 98 ;  |v 5. 
500 |a First published in Bilbao: A.P. Cardenal, 1899. 
504 |a Includes bibliographical references. 
651 0 |a Spain  |x Politics and government  |y 1886-1931. 
651 0 |a Spain  |x Civilization  |y 19th century. 
651 0 |a Spain  |x Civilization  |y 20th century. 
655 0 |a Electronic books. 
700 1 |a Varela, Javier. 
791 2 |a Digitalia (Firm),  |e distributor. 
830 0 |a Cien años después, 98 ;  |v 5. 
793 0 |g Digitalia eBook Collection:  |a Biblioteca Nueva 
856 4 0 |3 Digitalia Hispánica  |u https://www.digitaliapublishing.com/a/4375/ 
910 |a Premium Collection: 2007-2012